Cours de Droit Civil: les suretes. Le Droit du crédit
Furkejuvvon:
| Váldodahkkit: | , |
|---|---|
| Materiálatiipa: | Girji |
| Giella: | fránskkagiella |
| Almmustuhtton: |
París
Editions Cujas
1988
|
| Preanttus: | 2a. ed |
| Fáttát: | |
| Fáddágilkorat: |
Lasit fáddágilkoriid
Eai fáddágilkorat, Lasit vuosttaš fáddágilkora!
|
MARC
| LEADER | 00000cam a2200000 a 4500 | ||
|---|---|---|---|
| 001 | UCD4765 | ||
| 003 | CL-VaPUC | ||
| 008 | 160722e19880000fr |||||||||||||||||fre|d | ||
| 082 | 0 | 4 | |a 346.02 |b MAL |2 21 |
| 100 | |a Malaurie, Philippe |e autor |9 588492 | ||
| 700 | 0 | |a Aynés, Laurent |e author |9 588493 | |
| 245 | 1 | 0 | |a Cours de Droit Civil: les suretes. Le Droit du crédit |
| 250 | |a 2a. ed | ||
| 300 | |a 261 p | ||
| 942 | |c BK | ||
| 945 | |d 20160722 23:21:00 |a dcastane | ||
| 260 | |a París |b Editions Cujas |c 1988 | ||
| 650 | 0 | |a Derecho civil |9 255013 | |
| 650 | 0 | |a Contratos |9 255153 | |
| 650 | 0 | |a Obligaciones |9 255578 | |
| 650 | 0 | |a Responsabilidad contractual |9 256720 | |
| 583 | |a last modification |c 20160722 23:21:00 |k Rodrigo Vera | ||
| 999 | |c 365616 |d 365614 | ||
| 952 | |0 0 |1 0 |3 erb |4 0 |6 346_020000000000000_MAL_1988 |7 0 |8 A |9 479501 |a BIBDER |b BIBDER |i 5313120 |o 346.02 MAL 1988 |p 5313120 |r 2023-01-25 |w 2019-11-24 |y BK |z Catalogado en:20160722 |k DER | ||